000 00879nam a2200253Ia 4500
003 OSt
005 20220923224556.0
006 a|||||r|||| 00| 0
007 ta
008 Pun
020 _c200
024 _a243,361
037 _b303, 08/10/2010, H.K. Prakashan
_cTextual
040 _aARTS
_cARTS
_bPun
041 _2Pun
_aPun
082 _aO153,3MEI,4:g, P3
100 _aਖਾਹਰਾ, ਸੁਖਦੇਵ ਸਿੰਘ, ਥਦ.
_9156325
245 0 _aਕੌਰਵ ਸਭਾ
_b ਆਲੋਚਨਾਤਮਕ ਵਿFਲੇFਣ
260 _aਲ੍ਰਧਿਆਣਾ
_b ਚੇਤਨਾ ਪ੍ਰਕਾFਨ
_c2003
300 _a200ਪੰ
_ccm.
650 _aਪੰਜਾਬੀ ਸਾਹਿਤ
942 _hO153,3MEI,4:g, P3
_cTEXL
_2CC
999 _c372301
_d372301